Anteproyecto arquitectónico de Plaza Comercial en el Distrito 1 de la Ciudad de Managua
Presenta un proyecto de tipología comercial que brindará una solución arquitectónica acorde a las necesidades y realidades de los sistemas constructivos modernos y las necesidades locales, por otro lado al realizarse una plaza comercial incrementaran las posibilidades de entretenimiento y comerc...
| Main Authors: | , , |
|---|---|
| Other Authors: | |
| Format: | Tesis Section = Libro |
| Language: | Undetermined Spanish |
| Published: |
Managua
UNI
2017
|
| Subjects: |
| LEADER | 01158nam a2200253Ia 4500 | ||
|---|---|---|---|
| 008 | 240830s9999 xx 000 0 und d | ||
| 040 | |a BIBLIOTECA-RUSB/ Mon 725.21 A852 | ||
| 041 | |a spa | ||
| 082 | |a Mon 725.21 A852 | ||
| 100 | 1 | |a Astasio Reyes, Alexandra | |
| 100 | 1 | |b Obando Madrigal, Helen del S | |
| 100 | 1 | |c Vega Avalos, Heyling Deyanira | |
| 245 | 1 | 0 | |a Anteproyecto arquitectónico de Plaza Comercial en el Distrito 1 de la Ciudad de Managua |
| 260 | |a Managua |b UNI |c 2017 | ||
| 300 | |a 103 p. :il. | ||
| 502 | |a Tesis (Arquitecto) - UNI, 2017. | ||
| 520 | 3 | |a Presenta un proyecto de tipología comercial que brindará una solución arquitectónica acorde a las necesidades y realidades de los sistemas constructivos modernos y las necesidades locales, por otro lado al realizarse una plaza comercial incrementaran las posibilidades de entretenimiento y comercio para estudiantes, visitantes y habitantes de las inmediaciones. | |
| 650 | 7 | |a ARQUITECTURA- PLAZA COMERCIAL | |
| 650 | 7 | |b EDIFICIOS- COMERCIO | |
| 650 | 7 | |c DISEÑO- PLANOS | |
| 700 | 1 | |a Tutor: |b Aguilar Arriola, Erasmo José | |
| 942 | |c BK |2 ddc | ||
| 991 | |a TESIS | ||
| 999 | |c 21228 | ||